000 00879nam a2200253Ia 4500
003 OSt
005 20220923225445.0
006 a|||||r|||| 00| 0
007 ta
008 220922b |||||||| |||| 00| 0 hin d
024 _a268,392
037 _cTextual
040 _aARTS
_cARTS
_bhin
041 _2hin
_ahin
082 _aQ2:31, 152M1
100 _aशास्त्री, वेद प्रकाश
_9159618
245 0 _aब्रहमा तत्व दर्शन
246 _aBrahamā tatva darshana
260 _aबिरला (नागदा)
_b शिव तत्व दर्शन ग्रन्थ प्रकाशन
_c1981
300 _a183पृ.
_ccm.
650 _aहिन्दू धर्म
942 _hQ2:31, 152M1
_cTEXL
_2CC
999 _c378353
_d378353